İngilizce Kelimeler - Statistics

General Stats
  • This quiz has been taken 54 times
  • The average score is 14 of 21
Answer Stats
İngilizce Türkçe % Correct
Cheese Peynir
100%
Blood Kan
96%
Butterfly Kelebek
96%
Beer Bira
94%
Desert Çöl
88%
Wallet Cüzdan
86%
Eagle Kartal
82%
Witch Cadı
80%
Knight Şövalye
69%
Bullet Mermi
65%
Fairy Peri
61%
Vinegar Sirke
55%
Pear Armut
53%
Gunpowder Barut
53%
Needle İğne
51%
Curtain Perde
51%
Daisy Papatya
47%
Squirrel Sincap
47%
Court Mahkeme
35%
Nest Yuva
27%
Anchor Çapa
25%
No matching quizzes found
Score Distribution
Percent of People with Each Score
Percentile by Number Answered
Your Score History
You have not taken this quiz